1857 1078 1650 1241 1829 1691 1397 1933 1901 1043 1354 1238 1508 1362 1348 1913 1861 1245 1465 1027 1000 1177 1995 1256 1848 1506 1691 1276 1881 1957 1032 1433 1861 1404 1165 1621 1150 1563 1908 1039 1118 1956 1291 1007 1870 1399 1833 1796 1511 1020 1632 1842 1439 1927 1224 1101 1512 1152 1289 1975 1123 1061 1206 1650 1057 1393 1310 1471 1641 1095 1364 1208 1254 1680 1520 1702 1027 1599 1622 1952 1918 1369 1580 1978 1238 1085 1270 1479 1653 1068 1813 1816 1534 1074 1662 1835 1370 1809 1043 BCNSPRNW ULIB Ver.6.0+V

เปลี่ยนเป็นภาษาไทย

Change to English
 แสดงรายละเอียดบรรณานุกรม
  กลับหน้าหลัก

Brief Record : Get Marc (ISO 2709) : E-mail record : QR code < ปิดหน้าต่าง
LEADER : 00000nam 2200000uu 4500
001    13399114981
003     ULIB
008    120626s2546||||th 000 0 tha d
020    ^a9746058282
020    ^a9789746058285
050 04 ^aBF^bท461จ 2546
100 0  ^aทิพย์ภา เชษฐ์เชาวลิต
245 10 ^aจิตวิทยาพัฒนาการสำหรับพยาบาล /^cทิพย์ภา เชษฐ์เชาวลิต
250    ^aพิมพ์ครั้งที่ 3
260    ^aสงขลา :^bภาควิชาการพยาบาลจิตเวช คณะพยาบาลศาสตร์มหาวิทยาลัยสงขลานครินทร์,^c2546
300    ^aก-ฉ, 144 หน้า :^bภาพประกอบ ;^c26ซม.
650  7 ^aจิตวิทยาพัฒนาการ
650  7 ^aพยาบาล
710 2  ^aมหาวิทยาลัยสงขลานครินทร์. ^bคณะพยาบาลศาสตร์.^bภาควิชาการพยาบาลจิตเวช
945    ^p130^l0^i13419
945    ^p130^l0^i13425
995    ^aกัณชพร
999    ^aใช้งานได้ทุกระบบ
รายการนี้ยังไม่มีแท็ก
คุณยังไม่ได้ล็อกอิน คุณสามารถมีกิจกรรมร่วมกับเว็บไซต์ได้ แต่ต้องล็อกอินก่อน ::
  ล็อกอิน

รายการสื่อสารสนเทศ

ลำดับที่ ประเภท เลขเรียก/บาร์โค้ด สถานที่ สถานะ
- ไม่พบข้อมูล -

รายการใกล้เคียง
    ผู้แต่ง [ทิพย์ภา เชษฐ์เชาวลิต]

    หัวเรื่อง [จิตวิทยาพัฒนาการ]
    หัวเรื่อง [พยาบาล]

BibComment


ยังไม่เคยถูกคอมเมนท์

คอมเมนท์ทรัพยากรรายการนี้
  คอมเมนท์: จิตวิทยาพัฒนาการ..


 Copyright 2026. Bcnsprnw @Library